BSOP header

So what if you've failed? / (Record no. 27376)

MARC details
000 -LEADER
fixed length control field 00635nam a2200193 4500
008 - FIXED-LENGTH DATA ELEMENTS--GENERAL INFORMATION
fixed length control field 060412s1990 cou eng
020 ## - INTERNATIONAL STANDARD BOOK NUMBER
International Standard Book Number 0891093265 :
Terms of availability Php75.00
090 ## - LOCALLY ASSIGNED LC-TYPE CALL NUMBER (OCLC); LOCAL CALL NUMBER (OCLC)
Classification number (OCLC) (R) ; Classification number, CALL (RLIN) (NR) BV4844
Local cutter number (OCLC) ; Book number/undivided call number, CALL (RLIN) St6
100 1# - MAIN ENTRY--PERSONAL NAME
Personal name Stokes, Penelope
245 10 - TITLE STATEMENT
Title So what if you've failed? /
Statement of responsibility, etc Penelope J. Stokes, edited by Judith Couchman.
260 ## - PUBLICATION, DISTRIBUTION, ETC. (IMPRINT)
Place of publication, distribution, etc Colorado :
Name of publisher, distributor, etc NavPress,
Date of publication, distribution, etc c1990.
300 ## - PHYSICAL DESCRIPTION
Extent 91 p.
490 1# - SERIES STATEMENT
Series statement Crisispoints for women
650 #4 - SUBJECT ADDED ENTRY--TOPICAL TERM
Topical term or geographic name as entry element Bible
General subdivision Study and teaching.
650 #4 - SUBJECT ADDED ENTRY--TOPICAL TERM
Topical term or geographic name as entry element Failure (Christian theology).
650 #4 - SUBJECT ADDED ENTRY--TOPICAL TERM
Topical term or geographic name as entry element Women
General subdivision Religious life.
700 1# - ADDED ENTRY--PERSONAL NAME
Personal name Couchman, Judith
951 ## - EQUIVALENCE OR CROSS-REFERENCE-GEOGRAPHIC NAME/AREA NAME [OBSOLETE] [CAN/MARC only]
-- 13121
-- BV4844/St6
-- 070613111607375
-- 2000-12-21
-- GC
Holdings
Withdrawn status Lost status Damaged status Not for loan Home library Current library Shelving location Date acquired Accession number Shelving control number Total Checkouts Full call number Date last seen Price effective from Koha item type
        BSOP Library BSOP Library GC 12/21/2000 13121 127   BV4844/St6 02/23/2013 02/23/2013 Books
BSOP

Biblical Seminary of the Philippines
  All rights Reserved
  © 2024

CONTACT INFORMATION

Biblical Seminary of the Philippines,
  77-B Karuhatan Road, Valenzuela City,
  PHILIPPINES 1441
  Phone: +632 8292-6795 / 8292-6798
  Fax : +632 8292-6675
  Email: library@bsop.edu.ph